Mission report: Can Tho Unniversity Library, September 17 - 30, 2001

Bewaard in:
Bibliografische gegevens
Hoofdauteur: I. V. Veerman
Formaat: Boek
Taal:Undetermined
Gepubliceerd in: The Netherlands Wageningen University 2003
Onderwerpen:
Tags: Voeg label toe
Geen labels, Wees de eerste die dit record labelt!
Thư viện lưu trữ: Trung tâm Học liệu Trường Đại học Cần Thơ
LEADER 00594nam a2200205Ia 4500
001 CTU_59147
008 210402s9999 xx 000 0 und d
020 |b 21500 
082 |a 025.1 
082 |b V419 
100 |a I. V. Veerman 
245 0 |a Mission report: 
245 0 |b Can Tho Unniversity Library, September 17 - 30, 2001 
245 0 |c I. V. Veerman 
260 |a The Netherlands 
260 |b Wageningen University 
260 |c 2003 
650 |a library administration,information resources management 
904 |i Minh 
980 |a Trung tâm Học liệu Trường Đại học Cần Thơ